Normal view
MARC view
- Yusuf Al-Hajj Ahmad
Entry Personal Name
001 - CONTROL NUMBER
- control field: 88319
003 - CONTROL NUMBER IDENTIFIER
- control field: NUST
005 - DATE AND TIME OF LATEST TRANSACTION
- control field: 20220112144627.0
008 - FIXED-LENGTH DATA ELEMENTS
- fixed length control field: 220112|| aca||aabn | a|a d
040 ## - CATALOGING SOURCE
- Original cataloging agency: NUST
- Transcribing agency: NUST
100 ## - HEADING--PERSONAL NAME
- Personal name: Yusuf Al-Hajj Ahmad
670 ## - SOURCE DATA FOUND
- Source citation: Work cat.: (NUST): Yusuf Al-Hajj Ahmad, Islamic Medicine : The Key to a Better Life, 2010.
